000 00772nam a2200289Ia 4500
005 20260324144648.0
008 008 260324s9999 xx 000 0 eng d
020 _a9780203125717
037 _aEBOOK
040 _aCRL
040 _beng
040 _cCRL
041 _2eng
041 _aeng
084 _qCRL
100 _aRichard A. Chapman; Michael Hunt
_91186258
245 0 _aOpen Government (Routledge Revivals)
245 2 _bA study of the prospects of open government within the limitations of the British political system
260 _bTaylor and Francis
260 _c1987
365 _a
365 _b240
856 _uhttp://www.taylorfrancis.com/books/9780203125717
942 _cEBOOK
999 _c1827037
_d1827037